Data communications and network security / (Record no. 18767)

MARC details
000 -LEADER
fixed length control field 01311cam a22003134a 4500
005 - DATE AND TIME OF LATEST TRANSACTION
control field 20230616113443.0
008 - FIXED-LENGTH DATA ELEMENTS--GENERAL INFORMATION
fixed length control field 060306s2007 maua b 001 0 eng
010 ## - LIBRARY OF CONGRESS CONTROL NUMBER
LC control number 2006043316
020 ## - INTERNATIONAL STANDARD BOOK NUMBER
ISBN 0072976047 (alk. paper)
020 ## - INTERNATIONAL STANDARD BOOK NUMBER
ISBN 9780072976045
035 ## - SYSTEM CONTROL NUMBER
System control number (OCoLC)ocm64898239
040 ## - CATALOGING SOURCE
Original cataloging agency DLC
Transcribing agency DLC
Modifying agency BAKER
-- C#P
-- IXA
-- YDX
-- DLC
042 ## - AUTHENTICATION CODE
Authentication code pcc
082 00 - DEWEY DECIMAL CLASSIFICATION NUMBER
Classification number 005.8
Edition number 22
Item number CAR-D
100 1# - MAIN ENTRY--AUTHOR
Author Name Carr, Houston H.,
Dates associated with a name 1937-
245 10 - TITLE STATEMENT
Title Data communications and network security /
Statement of responsibility, etc. Houston H. Carr, Charles A. Snyder.
260 ## - PUBLICATION, DISTRIBUTION, ETC.
Place of Publication Boston :
Name of publisher, distributor, etc. McGraw-Hill Irwin,
Date of publication, distribution, etc. c2007.
300 ## - PHYSICAL DESCRIPTION
Pages xxxiv, 526 p. :
504 ## - BIBLIOGRAPHY, ETC. NOTE
Bibliography, etc. note Includes bibliographical references and index.
650 #0 - SUBJECT ADDED ENTRY--TOPICAL TERM
Subject / Department Computer networks
General subdivision Security measures.
650 #0 - SUBJECT ADDED ENTRY--TOPICAL TERM
Subject / Department Wireless communication systems
General subdivision Security measures.
700 1# - ADDED ENTRY--PERSONAL NAME
Personal name Snyder, Charles A.
246 14 - VARYING FORM OF TITLE
Title proper/short title Data communications & network security
300 ## - PHYSICAL DESCRIPTION
-- ill. ;
-- 27 cm.
856 42 -
-- Publisher description
-- http://www.loc.gov/catdir/enhancements/fy0632/2006043316-d.html
856 41 -
-- Table of contents
-- http://www.loc.gov/catdir/enhancements/fy0632/2006043316-t.html
906 ## - LOCAL DATA ELEMENT F, LDF (RLIN)
a 7
b cbc
c orignew
d 1
e ocip
f 20
g y-gencatlg
952 ## - LOCATION AND ITEM INFORMATION (KOHA)
-- 0
-- 0
Holdings
Lost status Damaged status Permanent Location Current Location Shelving Location Date acquired Full Call Number Accession No./Barcode Date last seen item type
    Superior Information Resource Center (SIRC) Superior University- Gold Campus Superior Information Resource Center (SIRC) Superior University- Gold Campus Networking 06/16/2023 005.8 CAR-D 2007 19352 06/16/2023 BOOK

Powered by Koha